| 000 | 01377nam a2200337 i 4500 | ||
|---|---|---|---|
| 999 |
_c136292 _d136292 |
||
| 001 | C2-0339012 | ||
| 003 | PPAK | ||
| 005 | 20181112103730.0 | ||
| 008 | 161201s2015 xxkaco|c ||||| 1 eng d | ||
| 020 |
_a9781782097372 _cRM25.10 _qpaperback |
||
| 040 |
_aPPAK _beng _cPPAK _erda |
||
| 082 | 0 | 4 |
_a520 _223 |
| 090 | 0 | 0 |
_a520 _bBEC _dRK |
| 100 | 1 |
_aBecklake, Sue, _eauthor. |
|
| 245 | 1 | 0 |
_aSpace / _cWritten by : Sue Becklake, Steve Parker |
| 264 | 1 |
_aThaxted, Essex : _bMiles Kelly Publishing Limited , _c2015 |
|
| 300 |
_a127 pages : _bcolour photographs ; ; _c30 cm |
||
| 336 |
_2rdacontent _atext |
||
| 337 |
_2rdamedia _aunmediated |
||
| 338 |
_2rdacarrier _avolume |
||
| 490 | 1 | _a300 fantastic facts | |
| 500 | _aIncludes index Your guide to the universe and beyond--Cover | ||
| 505 | _aSpace -- Astronomy -- Exploring space. | ||
| 520 | _aPlanets and stars, astronomy and the exciting lives of astronauts are investigated through 300 facts, cool images and fun cartoons. Learn about star-studded galaxies, discover how astronomers map the skies, and find out how the latest space technology is helping us explore other worlds | ||
| 650 | 1 | 0 |
_aSpace _vJuvenile literature |
| 650 | 2 | 0 |
_aUniverse _vJuvenile literature |
| 650 | 2 | 0 |
_aAstronomy _vJuvenile literature |
| 700 |
_aParker, Steve, _eauthor. |
||
| 830 | 0 | _a300 fantastic facts | |
| 942 |
_cB _2ddc |
||